Thiết kế dụng cụ công nghiệp : Giáo trình cho sinh viên cơ khí
Cơ sở lý thuyết về thiết kế dụng cụ cắt, thiết kế các loại dụng cụ gia công các bề mặt tròn xoay trên máy tiện, các loại dao phay, gia công lỗ, dao chuốt, dụng cụ gia công ren...
Guardado en:
| Autor principal: | |
|---|---|
| Formato: | Libro |
| Lenguaje: | Undetermined |
| Publicado: |
Hà Nội
Khoa học và Kỹ thuật
2005
|
| Materias: | |
| Etiquetas: |
Agregar Etiqueta
Sin Etiquetas, Sea el primero en etiquetar este registro!
|
| Thư viện lưu trữ: | Trung tâm Học liệu Trường Đại học Cần Thơ |
|---|
| LEADER | 00967nam a2200217Ia 4500 | ||
|---|---|---|---|
| 001 | CTU_101250 | ||
| 008 | 210402s9999 xx 000 0 und d | ||
| 020 | |c 68000 | ||
| 082 | |a 621.8 | ||
| 082 | |b L506 | ||
| 100 | |a Trần, Thế Lục | ||
| 245 | 0 | |a Thiết kế dụng cụ công nghiệp : | |
| 245 | 0 | |b Giáo trình cho sinh viên cơ khí | |
| 245 | 0 | |c Trần Thế Lục, Bành Tiến Long, Trần Sĩ Túy | |
| 260 | |a Hà Nội | ||
| 260 | |b Khoa học và Kỹ thuật | ||
| 260 | |c 2005 | ||
| 520 | |a Cơ sở lý thuyết về thiết kế dụng cụ cắt, thiết kế các loại dụng cụ gia công các bề mặt tròn xoay trên máy tiện, các loại dao phay, gia công lỗ, dao chuốt, dụng cụ gia công ren... | ||
| 650 | |a Machine design,Machine parts,Mechanical engineering | ||
| 904 | |i Giang | ||
| 980 | |a Trung tâm Học liệu Trường Đại học Cần Thơ | ||